Music Quiz

Random Music Quiz
Score 0/20 Timer 05:00
0 Plays Today
Year % Correct
1983This Charming Man
92.8%
1986Panic
86.6%
1985How Soon Is Now?
86.3%
1983Hand In Glove
83%
1986Ask
82.1%
1992There Is a Light That Never Goes Out
79.1%
1984William, It Was Really Nothing
75.8%
1986Bigmouth Strikes Again
74.3%
1987Girlfriend In A Coma
72.5%
1984Heaven Knows I'm Miserable Now
66.6%
Year % Correct
1985The Boy with the Thorn in His Side
66.6%
1984What Difference Does It Make
64.8%
1987Shoplifters of the World Unite
62.7%
1987Sheila Take A Bow
58.2%
1985Shakespeare's Sister
55.5%
1985That Joke Isn't Funny Anymore
48.4%
1987Stop Me If You Think You've Heard This One Before
44.5%
1987Last Night I Dreamt That Somebody Loved Me
40%
1987I Started Something I Couldn't Finish
36.7%
1995Sweet And Tender Hooligan
28.4%
Remove Ads.
Support Sporcle.
Get the best of Sporcle when you Go Orange. This ad-free experience offers more features, more stats, and more fun while also helping to support Sporcle. Thank you for becoming a member.

You're not logged in!

Compare scores with friends on all Sporcle quizzes.
OR
Log In

Show Comments

Extras

Created Oct 4, 2009ReportNominate
Tags:Single, smith, The Smiths

Top Quizzes Today


Score Distribution

Your Account Isn't Verified!

In order to create a playlist on Sporcle, you need to verify the email address you used during registration. Go to your Sporcle Settings to finish the process.

Report this User

Report this user for behavior that violates our Community Guidelines.

Details: